000 01153nmc a2200385 a 4500
003 AR-BaBNM
005 20251128205139.0
008 011101s1994 ||||||||||||||000 | spa||
020 _a950-724-352-6
040 _cAR-BaBNM
100 1 _aGermignani de Romani, Celia
245 1 0 _aEl fin de la educación y el fin de la educación argentina
250 _a1ª ed.
260 _aBuenos Aires
_bLumen
_c1994
300 0 _a253 p.
490 0 _aFilosofía y educación
504 _aBibliografía p. 247-253
600 1 4 _aSarmiento, Domingo Faustino
_d1868-1874
600 1 4 _aAlberdi, Juan Bautista
600 1 4 _aEstrada, José Manuel
_d1842-1894
600 1 4 _aMercante, Víctor
_d1870-1934
600 1 4 _aKorn, Alejandro
_d1860-1936
600 1 4 _aEcheverría, Esteban
_d1805-1851
600 1 4 _aQuiles, Ismael
650 4 _aHISTORIA DE LA EDUCACION
650 4 _aFILOSOFIA DE LA EDUCACION
650 4 _aCALIDAD DE LA EDUCACION
650 4 _aCRISIS DE LA EDUCACION
650 4 _aFORMACION DE DOCENTES
650 4 _aFINALIDADES DE LA EDUCACION
650 4 _aPOSITIVISMO
651 4 _aArgentina
942 _cBK
998 _cCarmen
999 _c10187
_d10187